[Event "MI Nov-Dec TNM 1800+"]
[Site "San Francisco"]
[Date "2021.11.09"]
[Round "2.1"]
[White "Heidari, Ako"]
[Black "Winslow, Elliott"]
[Result "0-1"]
[WhiteElo "1955"]
[BlackElo "2252"]
[PlyCount "120"]
[EventDate "2021.??.??"]

1. e4 c5 2. Nf3 e6 3. d4 cxd4 4. Nxd4 a6 5. Bd3 Bc5 6. Nb3 Be7 7. O-O d6 8. Nc3
Nf6 9. Be3 Nbd7 10. f4 b5 (10... Qc7 $5) 11. e5 $5 $146 {[#]} (11. a3) (11. a4)
(11. Qf3 Bb7 12. a3 Rc8) (11. Qe2) (11. f5) 11... dxe5 12. Qf3 Rb8 13. f5 Bb7
14. Qg3 e4 $4 (14... exf5 $1 15. Bxf5 g6 $1 $19) (14... O-O 15. fxe6 fxe6 16.
Qh3 Kh8 $17 17. Qxe6 (17. Nd2 Qc7 18. a4 Bb4 $1 (18... Bd5 19. axb5 axb5 20.
Ra7 Rb7 21. Nxb5 Qc8 $11)) 17... b4 18. Na4 Bd5) 15. fxe6 fxe6 16. Be2 {[#]}
Kf7 (16... O-O 17. Nd4 Qe8 18. Nxe6 Rf7 $16) 17. Rad1 Rc8 18. Nd4 Qc7 19. Qh3
Nf8 20. Bh5+ g6 21. Bg4 Qc4 22. Bxe6+ Nxe6 23. b3 Qxc3 24. Qxe6+ Ke8 {[#]} 25.
Bg5 $4 (25. Rxf6 $18 {a huge +-} Bd5 (25... Rf8 26. Rxf8+ Kxf8 27. Nf5) 26.
Qxd5 Qxe3+ (26... Bxf6 27. Nf5 Qc6 28. Nd6+ Kd8 29. Qf7) 27. Kh1 Bxf6 28. Qe6+)
25... Bd5 $1 26. Qe5 Qc7 $1 $11 27. Bxf6 $6 (27. Qxc7 Rxc7 28. Bxf6 Rf8 29.
Bxe7 Rxf1+ (29... Rxe7) 30. Kxf1 Kxe7 (30... Rxe7 $4 31. Nxb5) 31. Nxb5 axb5
32. Rxd5 Rxc2 33. Rxb5 Rxa2 34. Re5+ Kf6 35. Rxe4 Rb2 36. Rb4 g5 $11) 27...
Qxe5 28. Bxe5 Rf8 29. Rxf8+ Kxf8 30. c3 Bf7 (30... Ba8 $142) 31. Kf2 $4 $138
Rc5 32. Bf4 Rxc3 $19 33. Be3 Ke8 34. Ne2 $6 Rc2 35. Rd4 $6 Rxa2 36. Rxe4 Kd7
37. Rd4+ Kc8 38. Rd3 Rb2 39. Rc3+ Kd7 40. Bf4 Bxb3 41. Rc7+ Kd8 42. Ke3 {[#]}
Bg5 $5 (42... Rc2 43. Rxe7 Kxe7 44. Nd4 Rc3+ (44... Rc4) 45. Ke4 Ba2) 43. Rc3
Bxf4+ 44. Nxf4 Bc4 45. Kd4 g5 46. Nh5 Rxg2 47. h3 Rd2+ 48. Ke5 Rd3 49. Rc1 Rxh3
50. Nf6 Kc7 (50... a5) 51. Nd5+ Kb7 52. Nf6 Kb6 53. Rg1 h6 54. Ra1 a5 55. Kd4
a4 56. Nd7+ Ka5 57. Nc5 a3 58. Nb7+ Kb6 (58... Kb4) 59. Nd6 Rd3+ 60. Ke5 Rd5+
0-1

[Event "MI Nov-Dec TNM 1800+"]
[Site "San Francisco"]
[Date "2021.11.09"]
[Round "2.2"]
[White "Wang, Daniel"]
[Black "Askin, David"]
[Result "1/2-1/2"]
[WhiteElo "1700"]
[BlackElo "2023"]
[PlyCount "132"]
[EventDate "2021.??.??"]

1. d4 d5 2. c4 c6 3. Nf3 Nf6 4. Nc3 a6 5. b3 Bf5 6. g3 e6 7. a3 Ne4 8. Bb2 Be7
9. Bg2 Nd7 10. O-O O-O 11. Nxe4 Bxe4 12. Nd2 Bxg2 13. Kxg2 f5 14. e3 Nf6 15.
Qe2 Bd6 16. f3 Nh5 17. f4 Nf6 18. Rfd1 Qe8 19. Nf3 Qh5 20. Rd2 Ne4 21. Rc2 Qh6
22. h4 Rae8 23. c5 Bc7 24. Bc3 Qg6 25. Be1 h6 26. Bf2 Qf6 27. Rg1 Kf7 28. Nd2
Nxd2 29. Rxd2 Rg8 30. Kf1 g5 31. hxg5 hxg5 32. Be1 g4 33. Qd3 Rh8 34. Rdg2 Rh3
35. Ke2 Reh8 36. Kd1 R8h5 37. b4 Qh8 38. a4 Rh1 39. Rxh1 Rxh1 40. a5 {[#]} Qh3
41. Qe2 Bd8 42. Kd2 Bf6 43. Qf2 Ke7 44. Qe2 Qh8 45. Qf2 Kd7 46. Kd3 Qh3 47. Ke2
Bd8 48. Kd2 Qh8 49. Kd3 Bc7 50. Kd2 Rh3 51. Kd3 Qa8 52. Qa2 Qh8 53. Qf2 Bd8 54.
Ke2 Bf6 55. Kd3 Rh1 56. Qe2 Qh7 57. Kd2 Qh3 58. Qf2 (58. Kd3 $4 Rxe1) 58... Qh7
59. Qe2 Bd8 60. Qf2 Bc7 61. Qe2 Qh8 62. Qf2 Kc8 63. Kd3 Kb8 64. Kd2 Ka7 65. Kd3
Qh3 66. Kd2 Qh8 {[#]} 1/2-1/2

[Event "MI Nov-Dec TNM 1800+"]
[Site "San Francisco"]
[Date "2021.11.09"]
[Round "2.3"]
[White "Estolas, Brandon"]
[Black "Clemens, Kristian"]
[Result "1/2-1/2"]
[WhiteElo "2003"]
[BlackElo "1954"]
[PlyCount "95"]
[EventDate "2021.??.??"]

1. c4 e6 2. Nf3 Nf6 3. g3 d5 4. Bg2 Nbd7 5. cxd5 exd5 6. O-O Bd6 7. Nc3 c6 8.
d3 O-O 9. e4 dxe4 10. dxe4 Qc7 11. Nd4 a6 12. f4 Bc5 13. Be3 Nb6 14. Nc2 Bg4
15. Qe1 Be7 16. h3 Bc8 17. b3 a5 18. Qf2 Nfd7 19. a4 Re8 20. Rac1 Bd8 21. Nd4
Qd6 22. Rfd1 Qf8 {[#]} 23. Nf5 Bc7 24. Nb5 Bd8 25. Nbd6 Re6 26. e5 g6 {[#] You
don't even want to know how good the computers rate White's game here! (Oh all
right: +7 or so.) So what did he miss?} 27. Nd4 (27. Nh6+ $1 Qxh6 28. f5 {
is best, even if it lets Black get clever with} Qxe3 29. Qxe3 gxf5 30. Qf4 Nxe5
31. Nxc8 {(still +7)}) 27... Rxd6 28. exd6 Nd5 29. Bxd5 cxd5 30. Nb5 Nf6 31.
Bc5 {Slipping, to "only" +3.} (31. Nc7 Bxc7 32. dxc7 {followed by lining up on
the long diagonal towards Black's king.}) 31... Bd7 (31... Ne4 $5) 32. Nc3 (32.
Nc7) 32... Rc8 (32... Qh6) 33. Nxd5 Ne4 $2 34. Qe3 (34. Ne7+ $1 Bxe7 35. dxe7 {
Welcome to +8}) 34... Nxc5 35. Ne7+ $1 Kg7 36. Nxc8 Ne6 37. Nb6 Bc6 38. Rxc6
bxc6 39. Nd7 {With all the bones crunching it's amazing Black can lift a piece.
} Qe8 40. Qc3+ $2 (40. Nc5 {is best, White is just cleaning up and should
claim soon...}) 40... f6 {White is still winning but it's starting to be
problematic.} 41. Qxc6 {The only move that gets "+-" from Stockfish [#]} Nd4 $1
{What an annoying move to face. It doesn't look like clock time was a factor.}
42. Rxd4 $6 {White finally throws away the win, which *was* still there:} (42.
Qb7 $1 {musters various defensive resources to squelch Black's threats:} Qe2
43. Ne5+ $1 Kh8 44. Rxd4 Qe1+ (44... Qe3+ 45. Kh2 Qxd4 46. Nf7+ Kg8 47. Nxd8)
45. Kh2 fxe5 46. Rc4 $1 $18) 42... Qe1+ 43. Kg2 (43. Kh2 Qf2+ 44. Qg2 Qxd4 $11)
43... Qe2+ 44. Kh1 Qf1+ 45. Kh2 Qf2+ 46. Kh1 Qf1+ 47. Kh2 Qf2+ 48. Kh1 1/2-1/2

[Event "MI Nov-Dec TNM 1800+"]
[Site "San Francisco"]
[Date "2021.11.09"]
[Round "2.4"]
[White "Fong, Nathan"]
[Black "Lesniewski, Lucas"]
[Result "1-0"]
[WhiteElo "2032"]
[BlackElo "1855"]
[PlyCount "111"]
[EventDate "2021.??.??"]

1. d4 d5 2. Nf3 Nf6 3. g3 c6 4. Bg2 Bg4 5. c4 e6 6. Qb3 Qb6 7. Nc3 Nbd7 8. Bf4
Be7 9. h3 Bh5 10. g4 Bg6 11. c5 Qxb3 12. axb3 h5 13. g5 Ne4 14. h4 Nxc3 15.
bxc3 Be4 16. Bh3 Nf8 17. O-O Bxf3 18. exf3 f5 19. Bg3 Ng6 20. f4 Bd8 21. Kg2
Kf7 22. Kf3 Bc7 23. Ke3 {[#] There are some ridiculous pieces here, but White
manages to make it work out.} Rhb8 24. Rfb1 b5 (24... a5 $11 {looks loose but
in fact locks it down.}) 25. Ra6 Ne7 26. Rba1 {But why can't White just take
on a7 then?} Rb7 $6 (26... Ke8 27. Rxa7 Rxa7 28. Rxa7 Kd7 29. Kd3 Nc8 30. Ra1
Rb7 {Snug as a bug.}) 27. Bf1 (27. Kd3 {followed by Re1 gets a higher
evaluation but still isn't clear at all.}) 27... g6 28. f3 Ke8 29. Be1 Kd7 30.
Bd2 Kc8 31. Kd3 Kd7 32. Kc2 Nc8 33. Bd3 Rab8 34. Re1 Ne7 35. Rea1 Nc8 36. Kb2
Bd8 37. Bc2 Bc7 38. Re1 Ne7 39. Rea1 Nc8 {[#]} 40. Bb1 Bd8 41. Kc2 Bc7 42. Kd3
Bd8 43. Bc2 Bc7 44. Re1 Ne7 45. Rea1 Nc8 {[#]} 46. c4 b4 $2 (46... bxc4+ 47.
bxc4 dxc4+ 48. Kxc4 Ne7 49. Kd3 Nd5 50. Ba4 Ne7 51. Re1 Rb1 $11) 47. Bd1 {
and now: it's a win for White...} Bd8 48. Be2 Bc7 49. Kc2 Ra8 50. Bd3 dxc4 $4 {
Perhaps Black missed the tactics this walks into.} (50... Ne7) 51. Bxc4 Ne7 52.
Re1 Nd5 {[#]} 53. Rxc6 $1 ({Or} 53. Rxe6 $1 {The computer prefers this by a
bit -- picky.}) 53... Kxc6 54. Rxe6+ Kd7 55. Bxd5 Rb5 56. Rxg6 {And Black's
pawns turn out to be the vulnerable ones.} 1-0

[Event "MI Nov-Dec TNM 1800+"]
[Site "San Francisco"]
[Date "2021.11.09"]
[Round "2.5"]
[White "Lewis, Edward"]
[Black "Persidsky, Andre"]
[Result "1-0"]
[WhiteElo "2017"]
[BlackElo "1814"]
[PlyCount "61"]
[EventDate "2021.??.??"]

1. d4 d5 2. Nf3 Nf6 3. Bf4 e6 4. e3 Bd6 5. Ne5 O-O 6. Bd3 c5 7. c3 Qc7 8. Bg3
Nbd7 9. f4 b6 10. Nd2 Bb7 11. Qf3 Rac8 12. O-O a6 13. Bh4 Be7 14. Qh3 g6 15.
Ndf3 Qd6 16. Ng5 Nh5 17. Nxh7 Kxh7 18. Bxe7 Qxe7 19. Qxh5+ Kg7 20. Nxg6 fxg6
21. Qxg6+ Kh8 22. Rf3 Qh4 23. Qxe6 Nf6 24. Rh3 Qxh3 25. Qxh3+ Kg8 26. Qe6+ Kg7
27. Rf1 Rce8 28. Qxb6 Rf7 29. Rf3 cxd4 30. Qxd4 Kf8 31. Bg6 1-0

[Event "MI Nov-Dec TNM 1800+"]
[Site "San Francisco"]
[Date "2021.11.09"]
[Round "2.7"]
[White "Riese, Kayven"]
[Black "Porlares, Teodoro"]
[Result "1-0"]
[WhiteElo "1900"]
[BlackElo "1746"]
[PlyCount "175"]
[EventDate "2021.??.??"]

1. e4 c6 2. d4 d5 3. exd5 cxd5 4. c4 e6 5. Nf3 Nd7 6. Nc3 Ngf6 7. a3 Be7 8. c5
a6 9. Bd3 Qc7 10. O-O O-O 11. Re1 b5 12. b4 Re8 13. Bg5 Bb7 14. Bh4 Bf8 15. Ne5
g6 16. f4 Bg7 17. Qf3 Nxe5 18. fxe5 Nd7 19. Rf1 Rf8 {[#]} 20. Qh3 $1 Rae8 21.
Bg3 Nb8 22. a4 bxa4 23. Rxa4 Rc8 24. Rfa1 Nc6 25. Qg4 Ra8 {[#]} 26. b5 axb5 27.
Nxb5 Rxa4 28. Rxa4 Qd7 29. Qd1 Rb8 30. Nd6 Nd8 31. Ra7 Ra8 32. Qa1 Rxa7 33.
Qxa7 Bc6 34. Qb8 Bf8 35. Be1 Be7 36. Ba5 Kg7 37. Ba6 Bg5 38. Kf2 {[#]} f5 39.
g3 Qe7 40. Qc7 Qxc7 41. Bxc7 Kf8 42. Nc8 Ke8 43. Bd6 Nb7 44. Na7 Kd7 45. Bb8
Na5 46. Bc8+ Ke7 47. Bd6+ Kf7 48. Bc7 Nc4 49. Nxc6 Be3+ 50. Ke2 Bg1 51. h4 Bh2
52. Kf2 f4 53. gxf4 Bxf4 54. Nd8+ Ke7 55. Nxe6 Be3+ 56. Ke2 Bg1 57. Nf4 Bxd4
58. Nxd5+ Ke8 59. e6 Bxc5 60. Nf6+ Ke7 61. Nxh7 Nd6 62. Bd7 Nf5 63. Bf4 Nd4+
64. Kd3 Nxe6 65. Bxe6 Kxe6 {[#] Has White made progress? That might depend:
does he know how to checkmate with bishop and knight vs. king?} 66. Ke4 Kf7 (
66... Bf2 67. Ng5+ Ke7 68. Nf3 Bxh4 {would jump right to the test.}) 67. Ng5+
Kg8 68. Bg3 Ba3 69. Kd5 Kg7 70. Ke6 Bc1 71. Nf7 Ba3 72. Be5+ Kh7 73. Bf6 Bb4
74. Bg5 Be1 75. Nd6 Kg7 {[#]} 76. Bf6+ $2 {Woops!} Kh7 $2 {Back in the hole.} (
76... Kh6 {draws. Mind you, Black was running on 0:04 plus the delay for quite
a few moves now.}) 77. Kf7 $2 ({Here's one winning plan:} 77. Bg5 Kg7 78. Ne8+
Kf8 79. Nf6 Kg7 80. Ng4 Bg3 81. Ke7 Be1 82. Bf6+ Kg8 83. Ne5 Kh7 84. Nd3 Bg3
85. Bg5 Kg8 86. Nf4 {It is the right bishop and rook pawn pair!}) 77... Bb4 $2
(77... Kh6 {draws again. You'd think he'd play this with 1 second left!}) 78.
Ne4 {Back on track!} Be1 ({Now} 78... Kh6 79. Bg5+ Kh5 80. Nf6# $1) 79. Bg5 Bb4
80. Nf6+ Kh8 {[#]} 81. Kxg6 $6 ({Forget that pawn! Checkmate!} 81. Bh6 Bf8 82.
Kxf8 g5 83. Bg7#) 81... Be1 82. h5 Bb4 83. h6 Bf8 84. h7 Bh6 85. Ne4 Bg7 (85...
Bxg5 86. Nd6) 86. Be7 (86. Nd6 $1) 86... Bd4 87. Ng5 Ba1 88. Nf7# 1-0

[Event "MI Nov-Dec TNM 1800+"]
[Site "San Francisco"]
[Date "2021.11.09"]
[Round "2.8"]
[White "Argo, Guy"]
[Black "Cortinas, Marty"]
[Result "1-0"]
[WhiteElo "1884"]
[BlackElo "1706"]
[PlyCount "60"]
[EventDate "2021.??.??"]

1. e4 c5 2. Nc3 Nc6 3. f4 g6 4. Nf3 Bg7 5. Bb5 Nd4 6. Nxd4 cxd4 7. Ne2 a6 8.
Bd3 d6 9. O-O Nf6 10. c3 dxc3 11. bxc3 O-O 12. h3 b5 13. Bc2 Bb7 14. Ng3 Rc8
15. Rb1 Qb6+ 16. Kh2 Nd7 17. a4 e5 18. f5 d5 19. axb5 axb5 20. Qe2 d4 21. c4 b4
22. Ba3 Qc7 23. Bxb4 Rfd8 24. d3 Nf6 25. fxg6 hxg6 26. h4 Qd7 27. Bd1 Bc6 28.
h5 Ba4 29. Bxa4 Qxa4 30. Be7 Qd7 1-0

[Event "MI Nov-Dec TNM 1800+"]
[Site "San Francisco"]
[Date "2021.11.09"]
[Round "2.9"]
[White "Brownlow, Samuel"]
[Black "Carron, Joel"]
[Result "1/2-1/2"]
[WhiteElo "1832"]
[BlackElo "1670"]
[PlyCount "58"]
[EventDate "2021.??.??"]

1. e4 d5 2. exd5 Qxd5 3. Nc3 Qd8 4. g3 Nf6 5. Bg2 c6 6. Nf3 Bf5 7. d3 h6 8. Be3
e6 9. O-O Be7 10. a3 Nbd7 11. b4 Nd5 12. Bd4 Nxc3 13. Bxc3 O-O 14. Qd2 Bf6 15.
Nd4 Bg6 16. b5 Nc5 17. Ne2 cxb5 18. Bxf6 Qxf6 19. Qb4 Rac8 20. Qxb5 b6 21. a4
Qd8 22. a5 Nd7 23. axb6 axb6 24. Nd4 Rc5 25. Qb4 Qf6 26. Ra7 Nb8 27. Ra2 Nd7
28. Ra7 Nb8 29. Ra2 Nd7 1/2-1/2

[Event "MI Nov-Dec TNM 1800+"]
[Site "San Francisco"]
[Date "2021.11.09"]
[Round "2.10"]
[White "Bambou, Christophe"]
[Black "Gimelfarb, Ilia"]
[Result "1-0"]
[WhiteElo "2097"]
[BlackElo "1760"]
[PlyCount "55"]
[EventDate "2021.??.??"]

1. e4 e5 2. Nf3 Nc6 3. Nc3 Nf6 4. Bb5 a6 5. Bxc6 dxc6 6. Nxe5 Bb4 7. d3 O-O 8.
O-O Re8 9. Nf3 Bg4 10. h3 Bh5 11. Bg5 Qc8 12. Nb1 Re5 13. Bf4 Re6 14. c3 Bd6
15. Bg3 Nd7 16. Nbd2 Ne5 17. Bxe5 Rxe5 18. d4 Rg5 19. e5 Rg6 20. Ne4 Qxh3 21.
Ng3 Rxg3 22. fxg3 Qxg3 23. exd6 Qxd6 24. Qe2 g5 25. Qe5 Bxf3 26. Qxg5+ Kf8 27.
Rxf3 Re8 28. Raf1 1-0

[Event "MI Nov-Dec TNM 1800+"]
[Site "San Francisco"]
[Date "2021.11.09"]
[Round "2.11"]
[White "Lama, Tony"]
[Black "Weng, Nicholas"]
[Result "0-1"]
[WhiteElo "1800"]
[BlackElo "2001"]
[PlyCount "147"]
[EventDate "2021.??.??"]

1. d4 Nf6 2. c4 g6 3. Nc3 d5 4. e3 Bg7 5. Nf3 O-O 6. Be2 dxc4 7. Bxc4 c5 8. O-O
Bg4 9. Be2 cxd4 10. exd4 Nbd7 11. h3 Bxf3 12. Bxf3 Qc7 13. Be3 Nb6 14. Rc1 Qd7
15. Qb3 Rfd8 16. Rfd1 e6 17. a4 Rac8 18. a5 Nbd5 19. Nxd5 Nxd5 20. Bxd5 Qxd5
21. Qxd5 exd5 22. b3 Bf8 23. Bd2 Ba3 24. Rc3 Bb2 25. Rxc8 Rxc8 26. Bb4 b6 27.
Rd2 Rc1+ 28. Kh2 Bc3 29. Bxc3 Rxc3 30. axb6 axb6 31. Ra2 Rxb3 32. Ra8+ Kg7 33.
Rd8 Rb5 34. Rd6 Kf8 35. Kg3 Ke7 36. Rc6 Rb4 37. Kf3 h5 38. Ke3 Rb3+ 39. Kf4 f6
40. h4 Rd3 41. Rxb6 Rxd4+ 42. Kg3 Rg4+ 43. Kf3 Rxh4 44. Ke3 Re4+ 45. Kd3 Re6
46. Rb7+ Kd6 47. f4 Re4 48. Rb6+ Ke7 49. g3 h4 50. gxh4 Rxf4 51. Rb7+ Ke6 52.
Rh7 Kf5 53. Ke3 d4+ 54. Kd3 Kg4 55. Rh6 g5 56. h5 Kf5 57. Rh8 Rh4 58. Rh6 Ke5
59. Rh8 Rh3+ 60. Kd2 Kf4 61. Rh6 g4 62. Kc2 Kg5 63. Rg6+ Kf5 64. Rh6 d3+ 65.
Kd2 Kg5 66. Rg6+ Kxh5 67. Rxf6 Rf3 68. Rd6 Kh4 69. Rh6+ Kg3 70. Rd6 Kg2 71. Rg6
g3 72. Kd1 Kg1 73. Rd6 g2 74. Rh6 0-1

[Event "MI Nov-Dec TNM 1800+"]
[Site "San Francisco"]
[Date "2021.11.09"]
[Round "2.13"]
[White "Mahooti, James"]
[Black "Sun, Kevin"]
[Result "1/2-1/2"]
[WhiteElo "1867"]
[BlackElo "1744"]
[PlyCount "150"]
[EventDate "2021.??.??"]

{[%evp 9,150,66,114,109,94,112,107,62,58,53,52,24,78,63,118,99,149,128,128,131,
203,87,193,201,201,197,201,70,75,77,194,192,204,140,231,233,221,242,224,65,306,
310,302,294,414,284,345,240,413,395,399,389,422,388,368,340,498,499,572,552,
569,619,619,567,684,689,710,191,195,206,198,176,210,9,9,8,8,8,16,0,0,0,0,0,0,0,
0,-1,0,-3,0,0,0,-5,0,0,0,0,0,0,0,-3,0,-3,-1,-5,-3,-5,-5,-4,-5,-7,-6,-7,-4,-4,
-4,-4,-3,-3,-3,-4,-4,-6,-4,-5,-3,-4,0,-4,-5,-6,-4,-5,-5,-5,-5,-8,-7,-8,-10,-6,
0]} 1. d4 Nf6 2. c4 c5 3. d5 b5 4. cxb5 a6 5. bxa6 g6 (5... e6 $5 $14) 6. Nc3
$16 Bg7 7. e4 O-O 8. Nf3 (8. a7 $16 Rxa7 9. Nf3) 8... Qa5 $1 $14 {Threatening .
..Nxe4.} 9. Bd2 Bxa6 10. g3 Bxf1 (10... e6 $11) 11. Kxf1 $16 d6 ({Better is} 
11... Qb4 $14) 12. Kg2 $36 Nbd7 (12... Qb4 $142) 13. Qc2 Rfb8 14. a4 Ng4 (14...
Qb4 $16 {might work better.}) 15. Ra3 (15. Nb5 $18 {and White stays clearly on
top.} Qd8 16. h3) 15... Nde5 (15... Qb4 $16) 16. Nxe5 $18 Nxe5 17. Nb5 Qd8 {[#]
} 18. f4 $146 (18. h3 $18) (18. Rd1 Nd7 19. Bc3 Bxc3 20. Qxc3 Nb6 21. b3 Nxd5
22. Rxd5 Rxb5 23. axb5 Rxa3 24. Qxc5 dxc5 25. Rxd8+ {1-0 (51) Lindborg,P (2222)
-Kujawa,W (1820) Berlin 2014}) 18... Nd7 $1 $14 19. Bc3 Nf6 (19... Bxc3 $16 {
is a better defense.} 20. Rxc3 (20. Qxc3 Nb6 $11) 20... Nf6) 20. Rd1 Qd7 21.
Qd3 h5 (21... Ng4 $16 {was called for.}) 22. e5 $18 dxe5 23. fxe5 ({Much less
strong is} 23. Bxe5 $6 Rd8 $14) 23... Ng4 24. Qe4 (24. Re1 $1 $18) 24... Rf8 $2
(24... f5 $1 $14 25. Qe2 (25. exf6 exf6 26. Rd2 f5 $16) 25... Bh6) 25. h3 Nh6
26. Raa1 Qf5 (26... Nf5 $142 27. Rd3 Ra6) 27. Qe2 Qg5 28. Qd2 Qxd2+ (28... Qf5
29. Re1 Qc8) 29. Rxd2 ({Weaker is} 29. Bxd2 Nf5 $16) 29... Nf5 30. Kf3 Rfb8 31.
Ra3 Bh6 32. Re2 Rb6 (32... Rd8 $142 33. Bd2 Bf8) 33. g4 hxg4+ 34. hxg4 Nh4+ 35.
Kg3 g5 36. d6 exd6 37. exd6 f5 38. gxf5 $2 (38. d7 Kf7 39. Ba5 $1 f4+ 40. Kh3)
38... Nxf5+ {[#]} 39. Kg4 $1 {[%cal Rg4f5]} Nxd6 40. Re6 Nxb5 41. Rxb6 (41.
axb5 $18 Rxe6 42. Rxa8+ Bf8 43. Kxg5) 41... Nxa3 $11 {The position is equal.}
42. Rxh6 Rxa4+ 43. Kxg5 $18 {Endgame KRB-KRN} Nb5 44. Bf6 Nd6 45. Rh8+ Kf7 46.
Rh7+ Ke6 47. Re7+ Kd5 48. Bg7 Ne4+ 49. Kg6 Ra6+ 50. Kf5 Nd6+ 51. Kg5 (51. Kf4
Ra4+ 52. Kf3 Ra8 53. Ke2 Kc4 54. Re6) 51... Ne4+ (51... Ra8 52. Kf4 Rg8 53.
Re5+ Kc4 54. Re7 Rb8) 52. Kf4 Nd6 53. Re5+ Kc6 54. Re2 Ra4+ 55. Kg5 Ra7 56. Kg6
Ra4 57. Kh5 Nf5 58. Be5 Kd5 59. Bc7 Nd4 60. Rf2 Ra7 61. Bb6 Rh7+ (61... Re7 {
is more complex.} 62. Bd8 Rg7 63. Kh6 Rg3 64. Ba5 Rg4) 62. Kg6 Rb7 (62... Rh3 {
keeps more tension.} 63. Ba5 Nc6 64. Rd2+ Kc4 65. Rc2+ Kb5) 63. Ba5 Ra7 64. Bc3
Ra6+ 65. Kh5 Ra8 66. Rd2 Rh8+ 67. Kg6 Rg8+ 68. Kf7 Ra8 69. Ke7 Ra7+ 70. Kd8 Kc4
71. Rg2 Ne6+ 72. Ke8 Nc7+ 73. Kf8 Ne6+ 74. Ke8 Nc7+ 75. Kf8 Ne6+ 1/2-1/2

[Event "MI Nov-Dec TNM u1800"]
[Site "San Francisco"]
[Date "2021.11.09"]
[Round "2.6"]
[White "Mercado, Adam"]
[Black "Craig, Aaron"]
[Result "1-0"]
[WhiteElo "1746"]
[BlackElo "1491"]
[PlyCount "107"]
[EventDate "2021.??.??"]

1. d4 d5 2. c4 e6 3. Nc3 Nf6 4. Nf3 Be7 5. e3 O-O 6. Bd3 dxc4 7. Bxc4 b6 8. O-O
Bb7 9. Bd3 c5 10. dxc5 Bxc5 11. Ng5 h6 12. Nge4 Nbd7 13. Qe2 Qe7 14. a3 Nxe4
15. Bxe4 Nf6 16. Bxb7 Qxb7 17. b4 Be7 18. Bb2 Rfd8 19. Rfd1 Rxd1+ 20. Rxd1 Rd8
21. f3 a6 22. Kf1 Rxd1+ 23. Qxd1 Qd7 24. Ke2 Qxd1+ 25. Nxd1 Nd5 26. Nc3 Nxc3+
27. Bxc3 Kf8 28. Kd3 Bd6 29. Bd4 Bc7 30. Kc4 e5 31. Bc3 Ke7 32. Kd5 f6 33. Kc6
Bd8 34. e4 Ke6 35. Bd2 h5 36. Be3 b5 37. Bc5 g6 38. Kb7 Kd7 39. Bb6 Be7 40.
Kxa6 Kc6 41. Ka5 f5 42. a4 bxa4 43. Be3 a3 44. Bc1 a2 45. Bb2 Bd6 46. Ka4 Kb6
47. Kb3 Kb5 48. Kxa2 Kxb4 49. Ba3+ Kc4 50. Bxd6 Kd4 51. exf5 gxf5 52. Kb2 e4
53. fxe4 Kxe4 54. g3 1-0

[Event "MI Nov-Dec TNM u1800"]
[Site "San Francisco"]
[Date "2021.11.09"]
[Round "2.16"]
[White "Barreyro, Romeo"]
[Black "Suarez, Sebastian"]
[Result "1-0"]
[WhiteElo "1649"]
[BlackElo "1474"]
[PlyCount "91"]
[EventDate "2021.??.??"]

1. f4 d5 2. b3 g6 3. Bb2 Nf6 4. Nf3 Bg7 5. e3 c5 6. Be2 Nc6 7. O-O O-O 8. Ne5
Nxe5 9. fxe5 Nd7 10. d4 e6 11. Nc3 a6 12. Bg4 b5 13. Ne2 Qb6 14. Nf4 cxd4 15.
Bxd4 Qc7 {[#]} 16. Nxe6 fxe6 17. Bxe6+ Kh8 18. Rxf8+ Nxf8 19. Bxd5 Bb7 20. Bxb7
Qxb7 21. Qf3 Qxf3 22. gxf3 Ne6 23. c3 Rd8 24. Rd1 b4 25. cxb4 Nxd4 26. Rxd4
Rxd4 27. exd4 Bh6 28. Kf2 Kg8 29. a4 Kf7 30. b5 axb5 31. axb5 Ke6 32. Ke2 Bf4
33. h3 Kd5 34. Kd3 Bg3 35. b6 Kc6 36. Kc4 Kxb6 37. Kd5 Kc7 38. Ke6 Kd8 39. b4
g5 40. b5 Bf2 41. d5 Bd4 42. d6 Bb6 43. Kd5 Kd7 44. e6+ Kd8 45. Kc6 Ba5 46. b6
1-0

[Event "MI Nov-Dec TNM u1800"]
[Site "San Francisco"]
[Date "2021.11.09"]
[Round "2.17"]
[White "Hack, Richard"]
[Black "Parsons, Stephen"]
[Result "0-1"]
[WhiteElo "1500"]
[BlackElo "1611"]
[PlyCount "146"]
[EventDate "2021.??.??"]

1. c4 Nf6 2. g3 g6 3. Bg2 Bg7 4. Nc3 O-O 5. d3 c6 6. e4 e6 7. Nge2 d5 8. cxd5
exd5 9. e5 Ne8 10. d4 Nc7 11. O-O f6 12. f4 Bg4 13. h3 Be6 14. Be3 Nd7 15. g4
f5 16. g5 Qe7 17. Rc1 Rad8 18. Na4 h6 19. h4 Rf7 20. Nc5 Nxc5 21. Rxc5 Bf8 22.
Rc3 Bd7 23. Qb3 Bc8 24. Rfc1 Ne6 25. a4 Qb4 26. Qc2 hxg5 27. hxg5 a6 28. Rd3
Rc7 29. Bd2 Qe7 30. Ba5 Rdd7 31. Bxc7 $18 Rxc7 32. Qb3 Qd7 33. a5 Qe8 34. Rdc3
Qd7 35. Kf2 Qd8 36. R3c2 Rd7 37. Qa4 Rc7 38. Qb3 Rd7 39. Kg3 Qxa5 40. Qd3 Qd8
41. Bh3 Ng7 42. Rh1 Rf7 43. Ng1 Nh5+ 44. Kf3 Be6 45. Rch2 c5 46. Ne2 c4 47. Qe3
Rc7 48. Ng3 Ng7 49. Bf1 b5 50. Rh8+ Kf7 51. Ne2 b4 52. Qd2 Qc8 53. Bg2 c3 54.
bxc3 bxc3 55. Qc2 Qb7 56. Rb1 Qa7 57. Rb3 Nh5 58. Rh7+ Bg7 59. Rxc3 Rd7 60. Rc5
Kg8 61. Rxh5 gxh5 62. Ng3 Bf8 63. Nxh5 Kf7 64. Ke3 Bxc5 65. dxc5 d4+ 66. Kd3 a5
67. c6 Qa6+ 68. Kd2 Rc7 $4 {[#]} (68... Rd8 $11) 69. Nf6 $4 (69. Bd5 $3 {
creates inroads to Black's king and is totally winning!} Bxd5 70. Qxf5+ Ke8 (
70... Ke7 71. Qf6+ Ke8 72. Qh8+ Ke7 (72... Bg8 73. Qxg8+ Ke7 74. Qg7+ Ke6 75.
Qxc7) 73. Qg7+ Bf7 74. Qf6+ Kf8 75. Qh6+ $1 {and mate in a few.})) 69... a4 70.
Bd5 Qa5+ 71. Kd1 Bxd5 72. g6+ Kxg6 73. Qh2 Bf3+ 0-1

[Event "MI Nov-Dec TNM u1800"]
[Site "San Francisco"]
[Date "2021.11.09"]
[Round "2.18"]
[White "Guo, Dean"]
[Black "Hilliard, Michael"]
[Result "1-0"]
[WhiteElo "1549"]
[BlackElo "1447"]
[PlyCount "45"]
[EventDate "2021.??.??"]

1. e4 c6 2. d4 d5 3. e5 Bf5 4. h4 h5 5. Bd3 Bxd3 6. Qxd3 e6 7. Bg5 Qb6 8. Nd2
c5 9. c4 cxd4 10. Ngf3 Nc6 11. O-O Bb4 12. cxd5 exd5 {[#]} 13. e6 Nge7 14.
exf7+ Kxf7 15. Nb3 Rhe8 16. Nbxd4 Rad8 17. Nxc6 Qxc6 18. Ne5+ Kg8 19. Nxc6 bxc6
20. a3 Ba5 21. b4 Bb6 22. Rae1 Kf7 23. Qf3+ 1-0

[Event "MI Nov-Dec TNM u1800"]
[Site "San Francisco"]
[Date "2021.11.09"]
[Round "2.19"]
[White "Agdamag, Samuel"]
[Black "Uzakbaev, Nursultan"]
[Result "1-0"]
[WhiteElo "1448"]
[BlackElo "1542"]
[PlyCount "73"]
[EventDate "2021.??.??"]

1. d4 d5 2. Nc3 Nf6 3. Bg5 h6 4. Bf4 c6 5. f3 e6 6. e4 dxe4 7. fxe4 Bb4 8. Qd3
Bxc3+ 9. bxc3 O-O 10. Be2 Qa5 11. Bd2 Na6 12. Nf3 Rd8 13. O-O Nc5 14. Qe3 Ncxe4
15. Be1 Qa3 16. Ne5 c5 17. Nxf7 Kxf7 18. Qxe4 c4 19. Bh5+ Kf8 20. Qg6 Qe7 21.
Qh7 Qd7 22. Qh8+ Ke7 23. Qxg7+ Kd6 24. Bg3+ Kc6 25. Bf3+ Nd5 26. Qxh6 b5 27.
Rfe1 Qf7 28. a4 Kb6 29. axb5 Qd7 30. Re5 Qxb5 31. Ree1 Qd7 32. Reb1+ Qb5 33.
Rxb5+ Kxb5 34. Qc1 Bd7 35. Qa3 a5 36. Qc5+ Ka6 37. Rxa5+ 1-0